000 00404nam a22001697a 4500
003 MPLRDC
005 20220104123730.0
008 210129b ||||| |||| 00| 0 eng d
082 _a192.3 SSH
100 _a宋书慧 编译
245 _a少女修养
_c
250 _a初版
260 _a台湾
_b满庭芳书局
_c1987
300 _b350
650 _a修养; 社交礼仪
942 _cBK
_o192.3 SSH
999 _c13759
_d13749